000 01018 a2200217 4500
001 22320
005 20260407155513.0
008 260407a2013 arg spa d
003 AR-UNSa-BCEJYS
040 _aAR-UNSa-BCEJYS
_bspa
_cAR-UNSa-BCEJYS
080 _a316.74:34
_xSociología del Derecho
245 1 0 _aLos animales no humanos
_ppor una sociologìa de los derechos
020 _a978-950-894-921-9
264 1 _aBuenos Aires :
_bAD-HOC
_c2013
300 _a157 p.
_c23 cm.
505 _a1. Animalismo y ecologismo - 2. El derecho de los animales y las ideras - 3. Por una teoría sociológica de los derechos de los animales - 4. Los intereses de los animales - 5. La difusión de las ideas animalistas - 6. Los derechos de los animales y la legislación italiana - 7. Hacia una ecología animalista
942 _cBK
590 _aniveau_biblio:m niveau_hierar:0
100 1 _aPocar, Valerio
856 4 1 _uhttps://biblioeco.unsa.edu.ar/pmb/images/libros/Los Animales no Humanos.jpg
_yImagen de portada
_qimage/jpeg
999 _c962
_d962